000 01024nam a2200337 a 4500
001 000108116
003 CHAP
005 20220329143958.0
008 131205s2012 flu |r| ||1|||eng d
010 _a104578
011 _a105550
020 _a9781439852965
040 _cCHAP
082 0 4 _a631.46
_bM62
245 0 0 _aMicrobial ecology in sustainable agroecosystems. /
_ceditado por Tania E. Cheeke, David C. Coleman y Diana H. Wall.
260 _aBoca Raton, Fl. :
_bCRC press,
_c2012.
300 _axviii,292 p.
490 _aAdvances in agroecology
590 _aE11695DGD
_b10
_c20131205
_lUCH01
_h1421
590 _aE5765TAJ
_b05
_c20131205
_lUCH01
_h1330
590 _aE5765TAJ
_b05
_c20131211
_lUCH01
_h0916
650 1 4 _aEcosistema.
_935290
650 1 4 _aSuelos
_xEcologĂ­a.
_9110343
650 1 4 _aSuelos
_xMicrobiologĂ­a.
_9110434
700 0 _aColeman, David C.
_925116
700 1 _aCheeke, Tania E.
_9124955
700 1 _aWall, Diana H.
_eed.
_9124956
901 _aBK
942 _cLIBRO
942 _n0
999 _c104578
_d104578